Redações Perigosas: (Record no. 459)

MARC details
000 -LÍDER
campo de controle de tamanho fixo 01213nam a2200301 4500
001 - NÚMERO DE CONTROLE
campo de controle 459
003 - IDENTIFICADOR DO NÚMERO DE CONTROLE
campo de controle OSt
005 - DATA E HORÁRIO DA ÚLTIMA TRANSAÇÃO
campo de controle 20250829145112.0
008 - CAMPO DE DADOS FIXOS--INFORMAÇÃO GERAL
campo de controle de tamanho fixo 250829b |||||||g |||| 00| f eng d
020 ## - ISBN - INTERNATIONAL STANDARD BOOK NUMBER
ISBN - International Standard Book Number 8570564686
040 ## - FONTE DA CATALOGAÇÃO
Idioma da catalogação por
041 ## - CÓDIGO DE IDIOMA
Código do idioma do texto/trilha sonora ou título diferente por
082 ## - CDD - CLASSIFICAÇÃO DECIMAL DE DEWEY
Número de Classificação 028.5
Número do exemplar A554r
100 ## - ENTRADA PRINCIPAL--NOME PESSOAL
Nome pessoal Andrade, Telma Guimarães Castro
9 (RLIN) 994
245 ## - TÍTULO
Título Redações Perigosas:
Indicação de responsabilidade, etc. Andrade, Telma Guimarães Castro ; Ilustrações de Roberto Negreiros
250 ## - EDIÇÃO
Declaração de edição 6 ed.
260 ## - PUBLICAÇÃO, DISTRIBUIÇÃO, ETC.
Local de publicação, distribuição, etc. São Paulo
Nome do editor, distribuidor, etc. Atual
Data da publicação, distribuição, etc. 1993
300 ## - DESCRIÇÃO FÍSICA
Extensão 88 p.
Outros detalhes físicos il.
520 ## - NOTA DE RESUMO, ETC.
Resumo, etc. Rosemeire é uma professora substituta que luta para sobreviver. Interessada em conhecer melhor seus novos alunos, pede-lhes que escrevam uma redação sobre as férias. Para sua surpresa, esse tema tão inocente gera confissões reveladoras de inúmeros problemas enfrentados pelos adolescentes. Entre as revelações, algumas bastante perigosas, envolvendo a jovem professora com o mundo do crime.<br/>
650 #0 - ASSUNTO--TERMO TÓPICO
Cabeçalho tópico ou nome geográfico Literatura Brasileira
9 (RLIN) 205
650 #0 - ASSUNTO--TERMO TÓPICO
Cabeçalho tópico ou nome geográfico Infantojuvenil
9 (RLIN) 200
650 #0 - ASSUNTO--TERMO TÓPICO
Cabeçalho tópico ou nome geográfico Aventura
9 (RLIN) 47
655 #0 - TERMO DE ÍNDICE--GÊNERO E FORMA
Gênero/forma/ou termo foco Romance
655 #0 - TERMO DE ÍNDICE--GÊNERO E FORMA
Gênero/forma/ou termo foco Ficção
700 ## - ENTRADA ADICIONADA - NOME PESSOAL
Nome pessoal Roberto Negreiros
Função do autor por extenso Ilustrador
9 (RLIN) 995
830 ## - ENTRADA SECUNDÁRIA DE SÉRIE--TÍTULO UNIFORME
Título uniforme Transas & Tramas
9 (RLIN) 996
942 ## - ELEMENTOS DE ENTRADA ADICIONADOS (KOHA)
Fonte de classificação ou esquema de arquivamento Classificação decimal de Dewey
Ocultar no OPAC Não
Tipo de material Koha Livros
Holdings
Situação do descarte Situação das perdas Fonte de classificação ou esquema de arquivamento Status danificado Não pode ser emprestado Coleção Biblioteca de origem Biblioteca atual Localização na estante Data de aquisição Fonte de aquisição Total de empréstimos Número de chamada completo Código de barras Data de último acesso Data do preço efetivo Tipo de material Koha
    Classificação decimal de Dewey     Ficção Biblioteca Professor Eduardo Afonso de Castro Biblioteca Professor Eduardo Afonso de Castro Infanto Juvenil 29.08.2025 doação   028.5 / A554r 2025-17391 29.08.2025 29.08.2025 Livros

Powered by Koha